00428nam a2200121Ia 4500008004100000245012600041260002400167260000900191300000700200650002300207650001200230856006400242170516s9999 xx 000 0 und d aSwitchgrass storage effects on the recovery of carbohydrates after liquid hot water pretreatment and enzymatic hydrolysis bAIMS Bioengineering c2016 a:3 xMedical Technology xMedtech uhttp://www.aimspress.com/journal/Bioengineering/2016/3.html